| 000 | 00562nam a2200193 a 4500 | ||
|---|---|---|---|
| 001 | 3141 | ||
| 005 | 20140414131912.0 | ||
| 008 | 060201s19uu xx 00 eng d | ||
| 020 | _a0-439-66659-7 | ||
| 050 |
_aER _bD65 2004 |
||
| 100 | _aRicci, Christine | ||
| 245 |
_aDora the explorer : _bsay "cheese!" / _cby Christine Ricci ; illustrated by Steven Savitsky. |
||
| 260 |
_aNew York : _bScholastic, _c2004. |
||
| 300 | _a1 v. p. : ill. ; cm. | ||
| 440 | _aNick Jr. | ||
| 650 |
_aAdventures and adventurers _xFiction. |
||
| 999 |
_c111278 _d111278 |
||